00864 a2200277 4500003000400000005001700004008004100021010001700062020001500079020001800094035002400112040000600136082001000142100002000152245006400172246001600236246003000252246001300282246002200295260004800317300006300365505007500428600003700503650001700540700002900557OSt20180116192359.0120702t xxu||||| |||| 00| 0 eng d a 2010280658 a0714848883 a9780714848884 a(OCoLC)ocn277044653 c004a709.21 aSolakov, Nedko.10aNedko Solakov :b99.99 fears /c[essay by Suzaan Boettger].30a99.99 fears30aNedko Solakov :b99 fears30a99 fears30aNinety-nine fears aLondon ;aNew York :bPhaidon Press,c2008. a99 p. of plates, [7] p. :bill. (some col.) ;c21 x 30 cm.00aFears 2006-07 / by Nedko Solakov (me) -- Courage / by Suzaan Boettger.10aSolakov, NedkoxThemes, motives.10aFear in art.1 aBoettger, Suzaan,d1948-